Особенности формирования структуры зоны термического влияния в малоуглеродистой конструкционной стали при многопроходной вневакуумной электронно-лучевой наплавке; Высокие технологии в современной науке и технике (ВТСНТ-2016)
| Parent link: | Высокие технологии в современной науке и технике (ВТСНТ-2016).— 2016.— [С. 464] |
|---|---|
| 1. Verfasser: | |
| Körperschaft: | |
| Weitere Verfasser: | , , |
| Zusammenfassung: | Заглавие с титульного экрана В работе представлены результаты исследования влияния многопроходной вневакуумной электронно-лучевой наплавки порошком стали 10Р6М5+30%WC на структуру и свойства зоны термического влияния стали 20. In work results of studies of the effect multipass non-vakuum electron beam of surfacing steel powder 10Р6М5+30%WC on a structure and properties of heat affected zone steel 20. |
| Sprache: | Russisch |
| Veröffentlicht: |
2016
|
| Schriftenreihe: | Проблемы надежности машиностроения и машиностроительные технологии |
| Schlagworte: | |
| Online-Zugang: | http://earchive.tpu.ru/handle/11683/36427 |
| Format: | MixedMaterials Elektronisch Buchkapitel |
| KOHA link: | https://koha.lib.tpu.ru/cgi-bin/koha/opac-detail.pl?biblionumber=621876 |
MARC
| LEADER | 00000naa2a2200000 4500 | ||
|---|---|---|---|
| 001 | 621876 | ||
| 005 | 20231101133201.0 | ||
| 035 | |a (RuTPU)RU\TPU\conf\20497 | ||
| 035 | |a RU\TPU\conf\20496 | ||
| 090 | |a 621876 | ||
| 100 | |a 20170124d2016 k y0rusy50 ca | ||
| 101 | 0 | |a rus | |
| 102 | |a RU | ||
| 105 | |a y z 101zy | ||
| 135 | |a drcn ---uucaa | ||
| 181 | 0 | |a i | |
| 182 | 0 | |a b | |
| 200 | 1 | |a Особенности формирования структуры зоны термического влияния в малоуглеродистой конструкционной стали при многопроходной вневакуумной электронно-лучевой наплавке |f К. С. Шаронов, А. В. Матюшкин, М. Г. Голковский |g науч. рук. С. Ф. Гнюсов | |
| 203 | |a Текст |c электронный | ||
| 225 | 1 | |a Проблемы надежности машиностроения и машиностроительные технологии | |
| 230 | |a 1 компьютерный файл (pdf; 217 Kb) | ||
| 300 | |a Заглавие с титульного экрана | ||
| 320 | |a [Библиогр.: с. 464 (2 назв.)] | ||
| 330 | |a В работе представлены результаты исследования влияния многопроходной вневакуумной электронно-лучевой наплавки порошком стали 10Р6М5+30%WC на структуру и свойства зоны термического влияния стали 20. | ||
| 330 | |a In work results of studies of the effect multipass non-vakuum electron beam of surfacing steel powder 10Р6М5+30%WC on a structure and properties of heat affected zone steel 20. | ||
| 463 | 1 | |0 (RuTPU)RU\TPU\conf\20333 |t Высокие технологии в современной науке и технике (ВТСНТ-2016) |o сборник научных трудов V Международной научно-технической конференции молодых ученых, аспирантов и студентов, г. Томск, 5–7 декабря 2016 г. |f Национальный исследовательский Томский политехнический университет (ТПУ) ; под ред. А. Н. Яковлева |v [С. 464] |d 2016 | |
| 610 | 1 | |a труды учёных ТПУ | |
| 610 | 1 | |a электронные ресурсы | |
| 610 | 1 | |a металлоконструкции | |
| 610 | 1 | |a коррозии | |
| 610 | 1 | |a электронно-лучевая наплавка | |
| 610 | 1 | |a термические воздействия | |
| 610 | 1 | |a стали | |
| 700 | 1 | |a Шаронов |b К. С. | |
| 701 | 1 | |a Матюшкин |b А. В. | |
| 701 | 1 | |a Голковский |b М. Г. | |
| 702 | 1 | |a Гнюсов |b С. Ф. |c специалист в области машиностроения |c профессор Томского политехнического университета, доктор технических наук |f 1960- |g Сергей Фёдорович |2 stltpush |4 727 | |
| 712 | 0 | 2 | |a Национальный исследовательский Томский политехнический университет (ТПУ) |b Институт неразрушающего контроля (ИНК) |b Кафедра оборудования и технологии сварочного производства (ОТСП) |h 77 |2 stltpush |3 (RuTPU)RU\TPU\col\18708 |
| 801 | 2 | |a RU |b 63413507 |c 20170207 |g RCR | |
| 856 | 4 | |u http://earchive.tpu.ru/handle/11683/36427 | |
| 942 | |c BK | ||